| Tag |
First Indicator |
Second Indicator |
Subfields |
| LEADER |
00000cam a2200000 a 4500 |
| 001 |
in00000012431 |
| 005 |
20151007051827.0 |
| 008 |
870121s1987 enk b 01000 eng |
| 010 |
|
|
|a 87000094
|
| 020 |
|
|
|a 0855325992 (Search Press)
|
| 035 |
|
|
|a (OCoLC)15163301
|
| 035 |
|
|
|9 AAA4995AM
|
| 040 |
|
|
|a DLC
|c DLC
|d TXA
|d UtOrBLW
|
| 049 |
|
|
|a TXAM
|c [A11040353]
|
| 050 |
0 |
0 |
|a BL51
|b .P525 1987
|
| 082 |
0 |
|
|a 200/.1
|2 19
|
| 245 |
0 |
4 |
|a The Philosophical assessment of theology :
|b essays in honour of Frederick C. Copleston /
|c edited by Gerard J. Hughes.
|
| 264 |
|
1 |
|a Kent :
|b Search Press ;
|a Washington, D.C. :
|b Georgetown University Press,
|c 1987.
|
| 300 |
|
|
|a xii, 215 pages ;
|c 24 cm.
|
| 336 |
|
|
|a text
|b txt
|2 rdacontent
|
| 337 |
|
|
|a unmediated
|b n
|2 rdamedia
|
| 338 |
|
|
|a volume
|b nc
|2 rdacarrier
|
| 504 |
|
|
|a Bibliography: pages [211]-215.
|
| 650 |
|
0 |
|a Religion
|x Philosophy.
|
| 650 |
|
0 |
|a Philosophical theology.
|
| 650 |
|
0 |
|a Catholic Church and philosophy.
|
| 610 |
2 |
0 |
|a Catholic Church
|x Doctrines.
|
| 600 |
1 |
0 |
|a Copleston, Frederick C.
|q (Frederick Charles),
|d 1907-1994.
|
| 700 |
1 |
|
|a Copleston, Frederick C.
|q (Frederick Charles),
|d 1907-1994.
|
| 700 |
1 |
|
|a Hughes, Gerard J.
|
| 999 |
|
|
|a MARS
|
| 999 |
f |
f |
|s 328deb94-56fc-3b44-8cd4-0c8a84ba824a
|i 3857022b-be95-3a8f-80d2-915f3286ac24
|t 0
|
| 952 |
f |
f |
|p ric
|a Texas A&M University
|b Rellis Campus
|c Joint Library Facility
|d Remote Storage
|t 0
|e BL51 .P525 1987
|h Library of Congress classification
|i unmediated -- volume
|m A14811040353
|
| 998 |
f |
f |
|a BL51 .P525 1987
|t 0
|l Remote Storage
|